[Event "AUTO-OPEN-1508"]
[Site "http://www.queenalice.com/game.php?id=569489"]
[Date "2009.4.9"]
[Round "1"]
[White "ricvila"]
[Black "mr1d465"]
[Result "1/2-1/2"]
[WhiteElo "1192"]
[BlackElo "1818"]

1. c4 e5 2. Nc3 Nf6 3. g3 Bb4 4. Bg2 O-O 5. Nf3 Re8 6. O-O e4 7. Nd4 Nc6 8. Nxc6
dxc6 9. Qc2 Bf5 10. Qb3 Qe7 11. a3 Bxc3 12. Qxc3 c5 13. b4 cxb4 14. axb4 Qe5
1/2-1/2

[Event "AUTO-OPEN-1508"]
[Site "http://www.queenalice.com/game.php?id=569490"]
[Date "2009.4.9"]
[Round "1"]
[White "mr1d465"]
[Black "Fischercat"]
[Result "1-0"]
[WhiteElo "1818"]
[BlackElo "1911"]

1. d4 Nf6 2. c4 d5 3. Nf3 dxc4 4. e3 b5 5. a4 c6 6. axb5 cxb5 7. b3 e6 8. bxc4
bxc4 9. Bxc4 Bb4+ 10. Bd2 Bxd2+ 11. Nbxd2 O-O 12. O-O Bb7 13. Qe2 Bxf3 14. Nxf3
Nc6 15. Ba6 Nb4 16. Ra4 Qd6 17. Rfa1 Rfb8 18. Ne5 Nfd5 19. Ra5 Rb6 20. Nc4 Qc7
21. Nxb6 Qxb6 22. Qb2 Nc6 23. Qxb6 Nxb6 24. Bb7 Nxa5 25. Bxa8 Nxa8 26. Rxa5 g6
27. Rxa7 Nb6 28. Kf1 Nd5 29. Ke2 Nc3+ 30. Kd3 Nd1 31. Ra2 1-0

[Event "AUTO-OPEN-1508"]
[Site "http://www.queenalice.com/game.php?id=569491"]
[Date "2009.4.9"]
[Round "1"]
[White "Fischercat"]
[Black "mr1d465"]
[Result "0-1"]
[WhiteElo "1860"]
[BlackElo "1863"]

1. e4 c6 2. d4 d5 3. e5 Bf5 4. Bd3 Bxd3 5. Qxd3 e6 6. Nf3 c5 7. c3 Nc6 8. O-O
Qb6 9. Be3 cxd4 10. Bxd4 Bc5 11. Bxc5 Qxc5 12. b4 Qb6 13. Nbd2 Nge7 14. Nb3 Qc7
15. Rfe1 Nc8 16. b5 N6e7 17. Re3 Nb6 18. a4 Rc8 19. a5 Nc4 20. Re2 Ng6 21. g3
O-O 22. Qd4 b6 23. h4 Nxa5 24. Nxa5 bxa5 25. Rc2 a6 26. b6 Qc5 27. b7 Rc7 28.
Rb1 Qxd4 29. Nxd4 Rb8 30. Rb6 Rcxb7 31. Rxa6 Nxe5 32. Rxa5 Rc7 33. Rb5 Rxb5 34.
Nxb5 Rc5 35. f4 Nf3+ 36. Kf2 Nxh4 37. Rb2 Ng6 38. Nd4 Rxc3 39. g4 Rc8 40. f5 Nf8
41. fxe6 fxe6 42. Rb6 Rc4 43. Nxe6 Nxe6 44. Rxe6 Rxg4 45. Rd6 Rg5 46. Ke3 Rf5
47. Kd4 h5 48. Rd8+ Kh7 49. Ke3 h4 0-1

[Event "AUTO-INT-1268"]
[Site "http://www.queenalice.com/game.php?id=569808"]
[Date "2009.4.10"]
[Round "1"]
[White "vice_Kiko"]
[Black "mr1d465"]
[Result "0-1"]
[WhiteElo "1985"]
[BlackElo "1933"]

1. d4 Nf6 2. c4 e6 3. e3 b6 4. Bd3 Bb7 5. Nf3 Be7 6. Nc3 d5 7. a4 c5 8. O-O cxd4
9. Nxd4 dxc4 10. Bxc4 Nc6 11. Bb5 Qc7 12. e4 O-O 13. Bxc6 Bxc6 14. Nxc6 Qxc6 15.
e5 Rfd8 16. Qe2 Nd5 17. Nb5 Rd7 18. Bd2 Rad8 19. Bc3 a6 20. Nd4 Nxc3 21. bxc3
Qxc3 0-1

[Event "AUTO-INT-1268"]
[Site "http://www.queenalice.com/game.php?id=569809"]
[Date "2009.4.10"]
[Round "1"]
[White "mr1d465"]
[Black "vice_Kiko"]
[Result "1-0"]
[WhiteElo "1896"]
[BlackElo "1985"]

1. d4 d5 2. c4 dxc4 3. e3 b5 4. a4 Ba6 5. axb5 Bxb5 6. Nc3 Ba6 7. Qf3 c6 8. Rxa6
Nf6 9. Ra1 e6 10. Bxc4 Bb4 11. Ne2 O-O 12. O-O Nd5 13. e4 Nxc3 14. bxc3 Bd6 15.
Ba3 Bxa3 16. Rxa3 Nd7 17. Rfa1 Qc7 18. Qg3 Qb7 19. Ra5 Nb6 20. Bd3 Nd7 21. Rg5
g6 22. Rb1 Nb6 23. Ra5 Qe7 24. h4 Rab8 25. Rba1 Rb7 26. h5 Nd7 27. Rxa7 Rfb8 28.
Rxb7 Rxb7 29. Ra8+ Kg7 30. hxg6 fxg6 31. e5 1-0

[Event "AUTO-INT-1268"]
[Site "http://www.queenalice.com/game.php?id=569818"]
[Date "2009.4.10"]
[Round "1"]
[White "mr1d465"]
[Black "HENRIQUE_L_AUAD"]
[Result "1-0"]
[WhiteElo "1644"]
[BlackElo "1518"]

1. d4 d5 2. c4 Nf6 3. Nf3 e6 4. Nc3 c6 5. e3 Bb4 6. Qc2 O-O 7. Bd3 g6 8. O-O
Bxc3 9. Qxc3 Na6 10. a3 Re8 11. b4 Ne4 12. Bxe4 dxe4 13. Nd2 f5 14. f3 exf3 15.
Nxf3 Qc7 16. Bb2 Bd7 17. d5 cxd5 18. Qg7# 1-0

[Event "AUTO-INT-1268"]
[Site "http://www.queenalice.com/game.php?id=569819"]
[Date "2009.4.10"]
[Round "1"]
[White "HENRIQUE_L_AUAD"]
[Black "mr1d465"]
[Result "0-1"]
[WhiteElo "1533"]
[BlackElo "1500"]

1. d4 Nf6 2. Nc3 d5 3. e3 e6 4. Bd3 c5 5. Nge2 c4 6. Bxc4 dxc4 7. b3 Qc7 8. O-O
a6 9. e4 cxb3 10. axb3 Bd7 11. d5 Bd6 12. g3 h6 13. Bf4 Bxf4 14. gxf4 exd5 15.
exd5 b5 16. d6 Qb7 17. f3 O-O 18. Qd3 Re8 19. Rf2 Bc6 20. Nd4 Bd7 21. f5 Nc6 22.
Nd5 Nxd5 23. Nxc6 Qxc6 24. Rg2 Nf4 0-1

[Event "AUTO-INT-1268"]
[Site "http://www.queenalice.com/game.php?id=630465"]
[Date "2009.8.4"]
[Round "2"]
[White "carpielo"]
[Black "mr1d465"]
[Result "1-0"]
[WhiteElo "1621"]
[BlackElo "1892"]

1. d4 Nf6 2. f3 d5 3. e4 dxe4 4. fxe4 Nxe4 5. Qf3 Qxd4 6. Bd3 Nf6 7. Ne2 Qg4 8.
Bb5+ c6 9. Bd3 Qxf3 10. gxf3 g6 11. Be3 Bg7 12. Na3 Nbd7 13. O-O-O Ne5 14. f4
Nxd3+ 15. Rxd3 O-O 16. Bd4 Bf5 17. Re3 Rfe8 18. Bxf6 Bxf6 19. c3 Rad8 20. b4 1-0

[Event "AUTO-INT-1268"]
[Site "http://www.queenalice.com/game.php?id=630466"]
[Date "2009.8.4"]
[Round "2"]
[White "mr1d465"]
[Black "carpielo"]
[Result "1-0"]
[WhiteElo "1967"]
[BlackElo "1574"]

1. d4 d5 2. c4 dxc4 3. e3 c6 4. Bxc4 Qa5+ 5. Bd2 Qb6 6. b4 e6 7. a3 Nf6 8. Nc3
Bd6 9. Nf3 h6 10. O-O O-O 11. e4 Re8 12. e5 Be7 13. exf6 Bxf6 14. Be3 c5 15.
dxc5 Qc6 16. Bb5 1-0

[Event "AUTO-INT-1268"]
[Site "http://www.queenalice.com/game.php?id=630473"]
[Date "2009.8.4"]
[Round "2"]
[White "mr1d465"]
[Black "rferraz"]
[Result "1-0"]
[WhiteElo "1966"]
[BlackElo "1592"]

1. d4 d5 2. c4 e6 3. Nc3 Nf6 4. cxd5 exd5 5. Bg5 Be7 6. e3 O-O 7. Bd3 Nbd7 8.
Nge2 b6 9. O-O a5 10. a3 Ba6 11. Bc2 h6 12. Bf4 c5 13. Re1 Bxe2 14. Rxe2 Nh5 15.
Nxd5 Nxf4 16. Nxf4 cxd4 17. Qd3 Bc5 18. Qh7# 1-0

[Event "AUTO-INT-1268"]
[Site "http://www.queenalice.com/game.php?id=630474"]
[Date "2009.8.4"]
[Round "2"]
[White "rferraz"]
[Black "mr1d465"]
[Result "0-1"]
[WhiteElo "1659"]
[BlackElo "1968"]

1. d4 Nf6 2. c4 e6 3. Nc3 Bb4 4. e3 c5 5. Ne2 d5 6. cxd5 Nxd5 7. Bd2 cxd4 8.
exd4 Nc6 9. Nxd5 Bxd2+ 10. Qxd2 Qxd5 11. Nc3 Qxd4 12. Qxd4 Nxd4 13. O-O-O Nc6
14. Bb5 Bd7 15. Rd3 O-O-O 16. Rhd1 Be8 17. Rxd8+ Nxd8 18. Bxe8 Rxe8 19. Nb5 Kb8
20. Kb1 Nc6 21. Rd7 Re7 22. Rxe7 Nxe7 23. Kc2 a6 24. Nd6 f5 25. Kd3 Nc6 26. Ne8
g5 27. Ng7 Nd8 28. Ke3 Kc8 29. g3 Kd7 30. Nh5 Ke7 31. h4 h6 32. hxg5 hxg5 33.
Kf3 Nc6 34. Ke3 Kf7 35. g4 Kg6 36. f3 Ne5 37. f4 Nxg4+ 0-1